000 00620nam a22001817a 4500
003 SISC
005 20190620084555.0
008 130830t xxu||||| |||| 00| 0 eng d
020 _a1850152276
050 _aQC 16.G35
_b.W582 1994
100 _a White, Michael
_930527
245 _aGalileo Galilei :
_bThe story of the brilliant Italian scholar hounded by the Inquisition because of his views on the universe
_cMichael White
260 _aNew York :
_bOxford University Press,
_c1994.
300 _a62 p. :
_bill. ;
_c24 cm.
440 _aScientist who have changed the world
942 _2lcc
_cBK
999 _c42301
_d42301